Overwatch 2 Hero Scramble - Statistics

General Stats
  • This quiz has been taken 91 times
    27 since last reset
  • The average score is 32 of 41
Answer Stats
Scrambled Hero Hero % Correct
naa Ana
91%
ime Mei
91%
artemysm Symmetra
91%
ayzar Zarya
91%
esha Ashe
87%
etaptsbi Baptiste
87%
liairl Illari
87%
gimsa Sigma
87%
braoms Sombra
87%
eynzatat Zenyatta
87%
vad D.Va
83%
oehc Echo
83%
ujeeenknqru Junkerqueen
83%
onju Juno
83%
koriik Kiriko
83%
iocul Lúcio
83%
gamau Mauga
83%
saori Orisa
83%
harhap Pharah
83%
jobrnrto Torbjörn
83%
carter Tracer
83%
ngjei Genji
78%
wifeleaver Lifeweaver
78%
cemyr Mercy
78%
iraom Moira
78%
tabiosn Bastion
74%
tribgtie Brigitte
74%
zahon Hanzo
74%
tarunjk Junkrat
74%
tratmraa Ramattra
74%
perear Reaper
74%
tahdnreir Reinhardt
74%
godraho Roadhog
74%
doliers Soldier 76
74%
sidsyac Cassidy
70%
josonru Sojourn
70%
owremikawd Widowmaker
70%
tinsown Winston
70%
ibawkinglrle Wrecking Ball
70%
nutreev Venture
65%
omoisdtf Doomfist
57%
No matching quizzes found
Score Distribution
Percent of People with Each Score
Percentile by Number Answered
Your Score History
You have not taken this quiz since the last reset